000 004390000a22001930004500
005 20120302060853.0
942 _cBOOK
100 _a Bowles,Chester
245 _a New dimensions of peace
260 _aNew York:Pennant Books,1955
300 _ax;340P
040 _aENG
365 _bRs.
650 _apolitics
650 _ahistory
650 _anew dimensions-peace
650 _aChines revolution
650 _aAmerican Policy
999 _c352392
_d352389